Iusti Lipsi Admiranda siue De magnitudine Romana libri quattuor... (Record no. 157786)
[ view plain ]
| 000 -LEADER | |
|---|---|
| campo de control de longitud fija | 00852nam a2200229 i 4500 |
| 001 - NÚMERO DE CONTROL | |
| campo de control | 157786 |
| 003 - IDENTIFICADOR DE NÚMERO DE CONTROL | |
| campo de control | ES-MaACL |
| 005 - FECHA Y HORA DE LA ÚLTIMA TRANSACCIÓN | |
| campo de control | 20250803050544.0 |
| 008 - DATOS DE LONGITUD FIJA--INFORMACIÓN GENERAL | |
| campo de control de longitud fija | 040820s1598 fr a |||| | lat d |
| 100 1# - ENTRADA PRINCIPAL--NOMBRE DE PERSONA | |
| Nombre de persona | Lipsius, Justus. |
| 9 (RLIN) | 72518 |
| 245 10 - MENCIÓN DEL TÍTULO | |
| Título | Iusti Lipsi Admiranda siue De magnitudine Romana libri quattuor... |
| 260 ## - PUBLICACIÓN, DISTRIBUCIÓN, ETC. | |
| Lugar de publicación, distribución, etc. | Parisiis : |
| Nombre del editor, distribuidor, etc. | apud Michaelem Sonnium ..., |
| Fecha de publicación, distribución, etc. | 1598. |
| 300 ## - DESCRIPCIÓN FÍSICA | |
| Extensión | [16], 374, [12], [2] en bl. p. ; |
| Dimensiones | 8º. |
| 530 ## - NOTA DISPONIBLE DE FORMULARIO FÍSICO ADICIONAL | |
| Nota de formato físico adicional disponible | Disponible en formato digital. |
| 596 ## - NOTA AL PIE DE IMPRENTA | |
| NOTA AL PIE DE IMPRENTA | Marca tipográfica en portada. |
| 597 ## - NOTA DE DESCRIPCIÓN FÍSICA | |
| NOTA DE DESCRIPCIÓN FÍSICA | Sign.: *8, A-2A8, 2B2. |
| 650 07 - PUNTO DE ACCESO ADICIONAL DE MATERIA--TÉRMINO DE MATERIA | |
| Término de materia o nombre geográfico como elemento de entrada | Historia antigua |
| Fuente del encabezamiento o término | embne |
| 9 (RLIN) | 13385 |
| 651 #4 - PUNTO DE ACCESO ADICIONAL DE MATERIA--NOMBRE GEOGRÁFICO | |
| Nombre geográfico | Roma- |
| Subdivisión general | Historia. |
| 9 (RLIN) | 9312 |
| 852 ## - LOCALIZACIÓN | |
| Ubicación | ES-MaACL |
| Número de control de estantería | R-3414(1) |
| Nota libre | - Enc. perg. |
| Encuadernación | Olim: D-2118 |
| 856 ## - LOCALIZACIÓN Y ACCESO ELECTRÓNICOS | |
| Identificador Uniforme de Recursos | <a href="http://hdl.handle.net/10366/41960 ">http://hdl.handle.net/10366/41960 </a> |
| Nota pública | Repositorio Institucional de la Universidad de Salamanca |
| Estatus retirado | Estado de pérdida | Estado de daño | No para préstamo | Colección | Biblioteca de origen | Biblioteca actual | Ubicación en estantería | Fecha de adquisición | Total de préstamos | Signatura topográfica completa | Código de barras | Visto por última vez | Precio de reemplazo | Tipo de ítem Koha |
|---|---|---|---|---|---|---|---|---|---|---|---|---|---|---|
| Colección digital | Biblioteca del Ateneo de Madrid | Biblioteca del Ateneo de Madrid | Depósito | 17/01/2008 | R-3414(1) | 1165123 | 23/02/2023 | 23/02/2023 | Libro impreso antiguo |
